<?xml version="1.0" encoding="UTF-8"?><?xml-stylesheet type="text/xsl" href="static/style.xsl"?><OAI-PMH xmlns="http://www.openarchives.org/OAI/2.0/" xmlns:xsi="http://www.w3.org/2001/XMLSchema-instance" xsi:schemaLocation="http://www.openarchives.org/OAI/2.0/ http://www.openarchives.org/OAI/2.0/OAI-PMH.xsd"><responseDate>2026-04-13T00:56:27Z</responseDate><request verb="GetRecord" identifier="oai:www.recercat.cat:2445/180946" metadataPrefix="marc">https://recercat.cat/oai/request</request><GetRecord><record><header><identifier>oai:recercat.cat:2445/180946</identifier><datestamp>2025-12-05T10:08:09Z</datestamp><setSpec>com_2072_1057</setSpec><setSpec>col_2072_478917</setSpec><setSpec>col_2072_478929</setSpec></header><metadata><record xmlns="http://www.loc.gov/MARC21/slim" xmlns:dcterms="http://purl.org/dc/terms/" xmlns:xsi="http://www.w3.org/2001/XMLSchema-instance" xmlns:doc="http://www.lyncode.com/xoai" xsi:schemaLocation="http://www.loc.gov/MARC21/slim http://www.loc.gov/standards/marcxml/schema/MARC21slim.xsd">
   <leader>00925njm 22002777a 4500</leader>
   <datafield ind2=" " ind1=" " tag="042">
      <subfield code="a">dc</subfield>
   </datafield>
   <datafield ind2=" " ind1=" " tag="720">
      <subfield code="a">Blanco Guillermo, Ignacio</subfield>
      <subfield code="e">author</subfield>
   </datafield>
   <datafield ind2=" " ind1=" " tag="720">
      <subfield code="a">Guillaumes, Salvador</subfield>
      <subfield code="e">author</subfield>
   </datafield>
   <datafield ind2=" " ind1=" " tag="720">
      <subfield code="a">Clavé, Pere</subfield>
      <subfield code="e">author</subfield>
   </datafield>
   <datafield ind2=" " ind1=" " tag="720">
      <subfield code="a">Farré, Antoni</subfield>
      <subfield code="e">author</subfield>
   </datafield>
   <datafield ind2=" " ind1=" " tag="720">
      <subfield code="a">Perez, C.L.</subfield>
      <subfield code="e">author</subfield>
   </datafield>
   <datafield ind2=" " ind1=" " tag="720">
      <subfield code="a">López-Gibert, Joan</subfield>
      <subfield code="e">author</subfield>
   </datafield>
   <datafield ind2=" " ind1=" " tag="720">
      <subfield code="a">Lluis, Fèlix</subfield>
      <subfield code="e">author</subfield>
   </datafield>
   <datafield ind2=" " ind1=" " tag="260">
      <subfield code="c">2021-11-03T13:35:38Z</subfield>
   </datafield>
   <datafield ind2=" " ind1=" " tag="260">
      <subfield code="c">2021-11-03T13:35:38Z</subfield>
   </datafield>
   <datafield ind2=" " ind1=" " tag="260">
      <subfield code="c">1992-03-01</subfield>
   </datafield>
   <datafield ind2=" " ind1=" " tag="260">
      <subfield code="c">2021-11-03T13:35:38Z</subfield>
   </datafield>
   <datafield ind2=" " ind1=" " tag="520">
      <subfield code="a">La comunicación entre un vaso arterial y un seudoquiste pancreático da lugar a la formación de un seudoaneurisma pancreático. El seudoaneurisma ocurre preferentemente en pacientes con pancreatitis crónica enólica. Cuando fistuliza al conducto de Wirsung, el seudoaneurisma desencadena un hemosuccus pancreático. Entre 1980-1990 se han publicado en la literatura 43 casos de seudoaneurisma pancreático y 24 casos de hemosuccus pancreático, 15 de éstos debidos a la fistulización de un seudoaneurisma. Las opciones terapéuticas descritas para el seudoaneurisma son la resección pancreática. la hemostasia simple o asociada a drenaje, y la embolización intraarterial. Presentamos dos pacientes con pancreatitis crónica enólica y seudoaneurisma pancreático, uno simple y otro asociado a hemosuccus pancreático. En ambos pacientes el seudoaneurisma estaba situado en la cabeza pancreática y dependía de la arteria pancreatoduodenal inferior. El tratamiento empleado fue hemostasia simple en el paciente con seudoaneurisma aislado, y hemostasia asociada a drenaje interno en el paciente con hemosuccus pancreático.</subfield>
   </datafield>
   <datafield tag="653" ind2=" " ind1=" ">
      <subfield code="a">Pàncrees</subfield>
   </datafield>
   <datafield tag="653" ind2=" " ind1=" ">
      <subfield code="a">Malalties del pàncrees</subfield>
   </datafield>
   <datafield tag="653" ind2=" " ind1=" ">
      <subfield code="a">Aneurismes</subfield>
   </datafield>
   <datafield tag="653" ind2=" " ind1=" ">
      <subfield code="a">Pancreas</subfield>
   </datafield>
   <datafield tag="653" ind2=" " ind1=" ">
      <subfield code="a">Pancréas diseases</subfield>
   </datafield>
   <datafield tag="653" ind2=" " ind1=" ">
      <subfield code="a">Aneurysms</subfield>
   </datafield>
   <datafield ind2="0" ind1="0" tag="245">
      <subfield code="a">Tratamiento del seudoaneurisma pancreático simple o asociado a hemosuccus pancreaticus</subfield>
   </datafield>
   <datafield ind2="0" ind1="0" tag="245">
      <subfield code="a">Treatment of pancreatic pseudoaneurysm alone or associated to ductal hemorrhage</subfield>
   </datafield>
</record></metadata></record></GetRecord></OAI-PMH>